|
|
|
|
| LEADER |
00000nam0a2200000 4500 |
| 001 |
361523 |
| 005 |
20231102011410.0 |
| 035 |
|
|
|a (RuTPU)RU\TPU\retro\18853
|
| 090 |
|
|
|a 361523
|
| 100 |
|
|
|a 20210616d1970 m y0rusy50 ca
|
| 101 |
0 |
|
|a rus
|
| 102 |
|
|
|a RU
|
| 105 |
|
|
|a a z 000zy
|
| 200 |
1 |
|
|a Торжество Ленинизма
|e [альбом]
|f авт.-сост. Е. Рябчиков, Л. Данилов ; художник И. Долгополов
|
| 210 |
|
|
|a Москва
|c Изобразительное искусство
|d 1970
|
| 215 |
|
|
|a [349] с.
|c ил.
|
| 606 |
1 |
|
|a Изобразительное искусство
|2 stltpush
|3 (RuTPU)RU\TPU\subj\12291
|9 39102
|
| 606 |
1 |
|
|a Фотография художественная
|2 stltpush
|3 (RuTPU)RU\TPU\subj\64227
|9 81138
|
| 610 |
1 |
|
|a искусство
|
| 610 |
1 |
|
|a искусствознание
|
| 610 |
1 |
|
|a темы
|
| 610 |
1 |
|
|a образы
|
| 610 |
1 |
|
|a альбомы
|
| 610 |
1 |
|
|a СССР
|
| 610 |
1 |
|
|a социализм
|
| 610 |
1 |
|
|a история
|
| 675 |
|
|
|a 7
|v 4
|
| 675 |
|
|
|a 77.04
|v 4
|
| 702 |
|
1 |
|a Рябчиков
|b Е.
|4 220
|
| 702 |
|
1 |
|a Данилов
|b Л.
|4 220
|
| 702 |
|
1 |
|a Долгополов
|b И.
|4 040
|
| 801 |
|
1 |
|a RU
|b 63413507
|c 20210616
|
| 801 |
|
2 |
|a RU
|b 63413507
|c 20210616
|g RCR
|
| 942 |
|
|
|c BK
|